| 000 | 01663nam a2200373 a 4500 | ||
|---|---|---|---|
| 001 | 00169 | ||
| 003 | DO-SdBNP | ||
| 005 | 20180309114401.0 | ||
| 007 | 00169 | ||
| 008 | 091118s2008 dr 2008 000 0 spa d | ||
| 020 | _a9789945112047 (v.2) - Guía | ||
| 020 | _a9789945112283 - (v.3) - Cuaderno | ||
| 040 |
_aBPMSU _bspa _cBPMSU |
||
| 092 |
_a372.83 _bR175s 5to. 2008 |
||
| 100 | 1 | _aRamos Santos, Henry | |
| 245 | 1 | 0 |
_aSociedad 5 : _bbásica / _cHenry Ramos Santos ; editora Margarita Castro Catrain |
| 260 |
_aSanto Domingo : _bSantillana, _c2008. |
||
| 300 |
_a2 v. : _bil., mapas., retrs. ; _c28 cm. |
||
| 490 | 1 | _aCoral | |
| 500 | _aLa biblioteca posee la guía y el cuaderno | ||
| 505 | 0 |
_tUnidad 1 -- _tGeografía de América -- _tUnidad 2 -- _tEuropa y Asia -- _tUnidad 3 -- _tÁfrica y Oceanía -- _tUnidad 4 -- _tLas grandes civilizaciones -- _tUnidad 5 -- _tÉpoca de descubrimientos -- _tUnidad 6 -- _tLa dominación colonial -- _tUnidad 7 -- _tColonización en Ámerica -- _tUnidad 8 -- _tEconomía y esclavitud -- _tUnidad 9 -- _tLas devastaciones -- _tUnidad 10 -- _tLas dos colonias |
|
| 650 | 4 |
_aCIENCIAS SOCIALES _xENSEÑANZA BÁSICA |
|
| 650 | 4 |
_aCIENCIAS SOCIALES _xEDUCACIÓN PRIMARIA |
|
| 650 | 4 |
_aCIENCIAS SOCIALES _xLIBROS DE TEXTOS |
|
| 650 | 4 |
_aCIENCIAS SOCIALES _xESTUDIOS Y EJERCICIOS |
|
| 650 | 4 |
_aEDUCACIÓN PRIMARIA _zREPÚBLICA DOMINICANA |
|
| 700 | 1 |
_aCastro Catrain, Margarita _eed. |
|
| 830 | 0 | _aCoral | |
| 910 | _aValidado. Control de calidad MFF | ||
| 942 |
_2ddc _cBK |
||
| 945 | _aRemanejado para la BNPHU / 2018 VM | ||
| 956 |
_aVMATEO _b10 _c20150615 _lBPMSU _h00151 |
||
| 956 |
_aBTAVÁREZ _b10 _c20160408 _lBPMSU _h00169 |
||
| 999 |
_c9645 _d9645 |
||